000
00276nam a2200109 a 4500
005
20140414132056.0
008
100520s19uu xx 00 eng d
050
_a
REF 560
_b
D53 1995
245
_a
Dictionary of prehistoric life.
650
_a
Prehistoric life
999
_c
114329
_d
114329